Loading...
| History - Other | 0 | 4 | 0 | 0 | 40 | 117 | 132.75 | 0 | 0 | 0.00 | 0.00 |
| Science - Biology | 0 | 4 | 0 | 1 | 40 | 132 | 138.75 | 0 | 0 | 0.00 | 0.00 |
| Social Science | 0 | 5 | 3 | 0 | 35 | 73 | 98.20 | 1 | 2 | 0.00 | 0.00 |
| History - World | 0 | 4 | 2 | 1 | 30 | 103 | 130.50 | 0 | 1 | 0.00 | 0.00 |
| Fine Arts - Classical Music and Opera | 0 | 3 | 0 | 1 | 30 | 130 | 143.67 | 0 | 0 | 0.00 | 0.00 |
| Fine Arts - Painting and Sculpture | 0 | 3 | 0 | 0 | 30 | 103 | 121.33 | 0 | 1 | 0.00 | 0.00 |
| History - American | 1 | 2 | 1 | 0 | 30 | 100 | 128.00 | 0 | 0 | 0.00 | 0.00 |
| Religion | 1 | 2 | 1 | 0 | 30 | 66 | 126.67 | 0 | 1 | 0.00 | 0.00 |
| Philosophy | 0 | 2 | 0 | 0 | 20 | 104 | 123.00 | 0 | 0 | 0.00 | 0.00 |
| Literature - World | 0 | 2 | 0 | 0 | 20 | 131 | 132.50 | 0 | 0 | 0.00 | 0.00 |
| Science - Chemistry | 0 | 1 | 0 | 1 | 10 | 138 | 138.00 | 0 | 0 | 0.00 | 0.00 |
| Geography | 0 | 1 | 1 | 0 | 5 | 119 | 119.00 | 0 | 1 | 0.00 | 0.00 |
| Science - Physics | 0 | 0 | 0 | 0 | 0 | 0.00 | 0 | 0 | 0.00 | 0.00 | |
| Fine Arts - Other Arts | 0 | 0 | 1 | 0 | -5 | 0.00 | 0 | 0 | 0.00 | 0.00 |